000 00444nam a2200169 a 4500
005 20140310183227.0
008 040310s19uu xx 00 eng d
020 _a0812533550
050 _aPS 3553
_b.C266 1986
100 _aCard, Orson Scott
245 _aEnder's game /
_cOrson Scott Card.
260 _aNew York :
_bTom Doherty,
_c1986.
300 _a357 p. :
_c17 cm.
650 _aScience Fiction
942 _cBK
_2lcc
999 _c20429
_d20429